[Event "13th Agzamov Memorial 2019"]
[Site "Tashkent"]
[Date "2019.03.16"]
[Round "7.7"]
[White "Nigmatov, Ortik"]
[Black "Yakubboev, Nodirbek"]
[Result "1/2-1/2"]
[WhiteElo "2478"]
[BlackElo "2569"]
[Annotator "TA"]
[PlyCount "80"]
[EventDate "2019.03.12"]
[EventType "swiss"]
[EventCountry "UZB"]
[SourceTitle "playchess.com"]
[Source "ChessBase"]
[SourceQuality "1"]

{[%evp 24,80,13,12,8,12,13,9,21,19,18,12,15,-8,19,-2,15,19,11,7,8,11,11,11,14,7,4,4,15,6,29,0,0,0,0,0,0,0,0,0,0,0,0,0,0,0,0,0,0,0,0,0,0,0,0,0,0,0,0]} 1. e4 c5 2. Nf3 d6 3. d4 cxd4 4. Nxd4 Nf6 5. Nc3 a6 6. Be2 e5 7. Nf3 Be7 8. Bg5 Be6 9. Bxf6 Bxf6 10. Nd2 Nc6 11. Nc4 Nd4 12. Ne3 Rc8 13. Bd3 Bg5 {B44: Sicilian: Taimanov: 5 Nb5} 14. Ncd5 O-O 15. O-O g6 16. c3 Nc6 17. Bc2 b5 $146 ({Predecessor:} 17... Na5) 18. Qd2 Rb8 19. a4 Bxe3 20. Nxe3 Na5 21. axb5 axb5 22. b4 Nc4 23. Nxc4 Bxc4 24. Bd3 Bxd3 25. Qxd3 Qb6 26. Rfd1 Rfc8 27. Ra3 Ra8 {The position is equal.} 28. Rxa8 Rxa8 $11 {[%mdl 4096] Endgame KQR-KQR} 29. g3 Ra2 30. Rd2 Rxd2 31. Qxd2 {KQ-KQ} Qc6 32. Qd3 h5 33. h4 Kf8 34. Kf1 Ke7 35. f4 Ke6 36. fxe5 dxe5 37. Kf2 f5 38. exf5+ gxf5 39. Qd8 e4 40. Qg8+ Ke5 {Accuracy: White = 73%, Black = 77%.} 1/2-1/2

[Event "13th Agzamov Memorial 2019"]
[Site "Tashkent"]
[Date "2019.03.16"]
[Round "7.8"]
[White "Fayzullaev, Akmal"]
[Black "Sitnikov, Anton"]
[Result "1/2-1/2"]
[WhiteElo "2370"]
[BlackElo "2409"]
[Annotator "TA"]
[PlyCount "100"]
[EventDate "2019.03.12"]
[EventType "swiss"]
[EventCountry "UZB"]
[SourceTitle "playchess.com"]
[Source "ChessBase"]
[SourceQuality "1"]

{[%evp 9,100,55,77,77,83,82,124,105,108,123,115,114,137,0,0,0,0,0,0,-32,0,0,71,54,56,66,94,-39,-29,-35,-38,-41,-57,-57,-61,-90,-73,-112,-66,-67,0,0,0,7,6,0,5,1,2,2,16,20,14,5,18,6,6,5,6,6,6,6,6,0,6,8,14,0,118,0,0,0,0,0,0,0,0,0,0,0,0,0,0,0,0,0,0,0,0,0,0,0,0]} 1. Nf3 d6 2. d4 Nd7 3. e4 c6 4. Bc4 b5 (4... d5 5. exd5 Nb6 6. Bd3 cxd5 7. O-O Nf6 8. Ne5 g6 9. b3 Bg7 10. Ba3 O-O 11. Re1 Be6 12. Nd2 {1-0 (54) Llaneza Vega,M (2412)-Gunawan,R (2288) Penang 2018}) 5. Bb3 Nb6 6. O-O {B12: Caro-Kann: Advance Variation} a5 $146 ({Predecessor:} 6... h6 7. e5 d5 8. Nc3 Bf5 9. Ne1 e6 10. Nd3 Be7 11. a4 b4 12. Ne2 {0-1 (40) Norum,P-Segura Lozano,M La Pineda 2004}) 7. a4 Nf6 8. axb5 {White is better.} a4 9. Ba2 ({Of course not} 9. bxc6 axb3 10. Rxa8 Nxa8 $11) 9... cxb5 10. e5 Nfd5 11. Nc3 $2 (11. Qe2 $16 {Threatens to win with Bxd5.} e6 12. Qxb5+ Qd7 13. Na3) 11... Nxc3 $15 12. bxc3 {[%cal Bb2c3,Bc3c4][%mdl 32]} d5 $1 13. Qe2 Nc4 14. Rb1 e6 15. Rxb5 Na3 (15... a3 $11) 16. Bxa3 $1 $16 Bxa3 17. c4 Ba6 18. Rbb1 ({White has to play} 18. cxd5 $16 exd5 19. e6) 18... Be7 $15 19. Nd2 O-O 20. Qe3 Qc7 21. Rfd1 dxc4 22. Ne4 Bb7 23. Nc3 Rfb8 24. Rb5 a3 (24... Ra5 $15 25. Bxc4 Rxb5 26. Bxb5 a3) 25. d5 $1 $11 Bxd5 26. Nxd5 exd5 27. Rbxd5 Rd8 28. g3 Rxd5 29. Rxd5 {Black should prevent e6.} Rd8 30. Rxd8+ Qxd8 31. Qe4 Bc5 32. Qxc4 Qe7 33. Qd5 g6 34. Kg2 Kg7 35. h4 h5 36. Bb3 Bb4 37. f4 Be1 38. Kh3 Qa7 {[#]} (38... Qc7 $11) 39. Qd6 ({Only move:} 39. f5 $1 $16 {[%mdl 512]}) 39... a2 {The position is equal.} 40. Qf6+ Kf8 $1 41. Qd6+ Kg7 42. Qf6+ Kf8 $1 43. Qd8+ Kg7 44. Qf6+ Kf8 $1 45. Qd8+ Kg7 46. Qf6+ Kf8 $1 47. Qd8+ Kg7 48. Qf6+ Kf8 $1 49. Qd8+ Kg7 50. Qf6+ Kf8 $1 {Accuracy: White = 59%, Black = 53%.} 1/2-1/2

[Event "13th Agzamov Memorial 2019"]
[Site "Tashkent"]
[Date "2019.03.16"]
[Round "7.9"]
[White "Pourramezanali, Amirreza"]
[Black "Abdisalimov, Abdimalik"]
[Result "0-1"]
[WhiteElo "2519"]
[BlackElo "2375"]
[Annotator "TA"]
[PlyCount "58"]
[EventDate "2019.03.12"]
[EventType "swiss"]
[EventCountry "UZB"]
[SourceTitle "playchess.com"]
[Source "ChessBase"]
[SourceQuality "1"]

{[%evp 24,58,0,0,40,27,92,0,0,0,0,0,0,0,79,0,0,0,13,13,13,13,13,13,25,9,16,-166,-179,-452,-409,-1077,-1077,-1056,-1047,-1470,-685]} 1. e4 c5 2. Nc3 a6 3. Nf3 d6 4. d4 cxd4 5. Nxd4 Nf6 6. Be3 Ng4 7. Bc1 Nf6 8. f3 e6 9. Be3 Nbd7 10. g4 h6 11. Qd2 b5 12. a3 Bb7 13. O-O-O Nb6 {[#] B80: Sicilian Scheveningen: 6 g3 and 6 Be3, including English Attack} (13... Rc8 14. Kb1 d5 15. exd5 Nxd5 16. Nxd5 Bxd5 17. Be2 Bc5 18. Rhg1 O-O 19. h4 Ne5 20. f4 Nc4 21. Bxc4 bxc4 {0-1 (45) Ponomariov,R (2712)-Wojtaszek,R (2730) Khanty-Mansiysk 2017}) 14. Rg1 $146 ({Predecessor:} 14. h4 Rc8 15. Rg1 Nfd7 16. g5 hxg5 17. hxg5 g6 18. f4 Nc5 19. Bd3 Nxd3+ 20. Qxd3 Nc4 21. Bf2 {0-1 (35) Bok,B (2586)-Molner,M (2504) Biel 2014}) 14... d5 {[#]} (14... Rc8 $11 {keeps the balance.}) 15. Ndxb5 ({White should play} 15. h4 $1 $16) 15... axb5 $11 {The position is equal.} 16. Bxb5+ Nbd7 17. h4 {Hoping for g5.} Rxa3 18. bxa3 Bxa3+ 19. Kb1 {Black must now prevent Na4.} Qa5 {( -> ...Qb4+)} 20. Qd4 O-O 21. Qa4 $1 {[%cal Ra4a5]} Qxc3 {[%csl Ga3][%cal Rc3b2]} 22. Bd4 Qxf3 {[%mdl 64] [#] Double Attack} 23. Rd3 Qf4 24. Qxa3 {Threatens to win with g5.} Ne5 25. Rdd1 $2 (25. g5 $11 hxg5 26. Rh3 Nxe4 27. Bxe5 Nd2+ 28. Kc1 Qxe5 29. hxg5) 25... Nf3 $19 {[%mdl 64] Double Attack} 26. Rh1 $2 (26. Qc1 {was called for.} Qxc1+ 27. Kxc1) 26... Nxe4 {And now ...Ned2+ would win.} 27. Be3 (27. Kb2 $142 Nxd4 28. Rxd4) 27... Qe5 {Black is clearly winning.} 28. Rd3 d4 29. Qb2 dxe3 {Accuracy: White = 38%, Black = 66%.} (29... Nc3+ $142 30. Kc1 Nxb5) 0-1

[Event "13th Agzamov Memorial 2019"]
[Site "Tashkent"]
[Date "2019.03.16"]
[Round "7.10"]
[White "Karimov, Alisher"]
[Black "Korneev, Oleg"]
[Result "0-1"]
[WhiteElo "2263"]
[BlackElo "2559"]
[Annotator "RC"]
[PlyCount "136"]
[EventDate "2019.03.12"]
[EventType "swiss"]
[EventCountry "UZB"]
[SourceTitle "playchess.com"]
[Source "ChessBase"]
[SourceQuality "1"]
[TimeControl "5400+30"]

1. d4 {[%emt 0:00:00]} d5 {[%emt 0:00:00]} 2. c4 {[%emt 0:00:00]} c6 {[%emt 0:00:00]} 3. Nc3 {[%emt 0:00:18]} dxc4 {[%emt 0:00:56]} 4. a4 {[%emt 0:00:57]} e5 {[%emt 0:09:00]} 5. Nf3 {[%emt 0:02:18]} exd4 {[%emt 0:01:06]} 6. Qxd4 {[%emt 0:00:30]} Qxd4 {[%emt 0:00:29]} 7. Nxd4 {[%emt 0:00:02]} Bc5 {[%emt 0:03:17]} 8. Nf3 {[%emt 0:04:39]} Na6 {[%emt 0:02:29]} 9. Bg5 {[%emt 0:02:41]} h6 {[%emt 0:10:16]} 10. Bh4 {[%emt 0:00:45]} Be6 {[%emt 0:08:39]} 11. O-O-O {[%emt 0:02:18]} Ne7 {[%emt 0:09:38]} 12. e4 {[%emt 0:02:35]} Nb4 {[%emt 0:08:18]} 13. Bg3 {[%emt 0:32:28]} f6 {[%emt 0:10:25]} 14. Be2 {[%emt 0:24:19]} O-O {[%emt 0:02:09]} 15. Bd6 {[%emt 0:01:23]} Na6 {[%emt 0:06:10]} 16. Bxe7 {[%emt 0:03:43]} Bxe7 {[%emt 0:00:13]} 17. Nd2 {[%emt 0:00:06]} Bb4 {[%emt 0:06:45]} 18. Nxc4 {[%emt 0:08:08]} Bxc3 {[%emt 0:00:11]} 19. bxc3 {[%emt 0:00:19]} Nc5 {[%emt 0:00:04]} 20. Rd6 {[%emt 0:01:25]} Rfd8 {[%emt 0:05:55]} 21. Rhd1 {[%emt 0:02:29]} Rxd6 {[%emt 0:00:26]} 22. Rxd6 {[%emt 0:03:54]} Kf7 {[%emt 0:03:22]} 23. Kc2 {[%emt 0:04:49]} Nxe4 {[%emt 0:02:08]} 24. Rd4 {[%emt 0:00:26]} Nc5 {[%emt 0:00:31]} 25. Bg4 {[%emt 0:01:18]} Bxg4 {[%emt 0:02:35]} 26. Rxg4 {[%emt 0:00:01]} Rd8 {[%emt 0:00:12]} 27. a5 {[%emt 0:00:30]} g5 {[%emt 0:01:58]} 28. Ne3 {[%emt 0:00:14]} b5 {[%emt 0:00:46]} 29. h4 {[%emt 0:01:14]} Nb7 {[%emt 0:02:34]} 30. h5 {[%emt 0:00:08]} Nxa5 {[%emt 0:00:14]} 31. Re4 {[%emt 0:00:10]} Nc4 {[%emt 0:04:09]} 32. Nxc4 {[%emt 0:01:10]} bxc4 {[%emt 0:00:01]} 33. Rxc4 {[%emt 0:00:06]} Rd6 {[%emt 0:00:02]} 34. Ra4 {[%emt 0:00:17]} Rd7 {[%emt 0:00:07]} 35. Ra6 {[%emt 0:00:10]} Rc7 {[%emt 0:00:08]} 36. Kd3 {[%emt 0:00:07]} Ke6 {[%emt 0:00:34]} 37. Ke4 {[%emt 0:00:18]} f5+ {[%emt 0:00:27]} 38. Kd4 {[%emt 0:00:01]} Kd6 {[%emt 0:00:20]} 39. c4 {[%emt 0:00:16]} f4 {[%emt 0:01:23]} 40. f3 {[%emt 0:00:27]} Rd7 {[%emt 0:01:02]} 41. c5+ {[%emt 0:01:19]} Ke6+ {[%emt 0:00:23]} 42. Ke4 {[%emt 0:00:35]} Rc7 {[%emt 0:00:06]} 43. Ra2 {[%emt 0:00:16]} Rb7 {[%emt 0:00:16]} 44. Ra4 {[%emt 0:00:43]} a5 {[%emt 0:01:24]} 45. Rxa5 {[%emt 0:00:19]} Rb4+ {[%emt 0:00:02]} 46. Kd3 {[%emt 0:00:24]} Kd5 {[%emt 0:00:09]} 47. Ra8 {[%emt 0:00:23]} Rb3+ {[%emt 0:00:43]} 48. Kc2 {[%emt 0:00:01]} Re3 {[%emt 0:00:11]} 49. Rf8 {[%emt 0:00:52]} Re2+ {[%emt 0:00:23]} 50. Kd3 {[%emt 0:00:15]} Rxg2 {[%emt 0:00:04]} 51. Rf6 {[%emt 0:00:14]} Rf2 {[%emt 0:00:29]} 52. Rd6+ {[%emt 0:00:36]} Kxc5 {[%emt 0:00:11]} 53. Rxh6 {[%emt 0:00:05]} Rxf3+ {[%emt 0:00:49]} 54. Ke4 {[%emt 0:00:01]} Rg3 {[%emt 0:01:45]} 55. Rg6 {[%emt 0:00:14]} f3 {[%emt 0:00:21]} 56. Rf6 {[%emt 0:02:58]} Rh3 {[%emt 0:01:01]} 57. Rf5+ {[%emt 0:00:15]} Kc4 {[%emt 0:00:32]} 58. Rxg5 {[%emt 0:00:53]} f2 {[%emt 0:00:09]} 59. Rf5 {[%emt 0:00:04]} Rxh5 {[%emt 0:00:13]} 60. Rxf2 {[%emt 0:00:09]} Rh3 {[%emt 0:01:05]} 61. Ke5 {[%emt 0:01:48]} c5 {[%emt 0:00:12]} 62. Rf1 {[%emt 0:00:59]} Rd3 {[%emt 0:00:56]} 63. Rc1+ {[%emt 0:00:23]} Kb4 {[%emt 0:00:15]} 64. Rb1+ {[%emt 0:00:19]} Rb3 {[%emt 0:00:08]} 65. Rd1 {[%emt 0:00:21]} c4 {[%emt 0:00:20]} 66. Ke4 {[%emt 0:00:54]} Rb2 {[%emt 0:00:28]} 67. Rd8 {[%emt 0:00:30]} Re2+ {[%emt 0:00:08]} 68. Kf3 {[%emt 0:00:15]} Re1 {[%emt 0:00:15]} 0-1

[Event "13th Agzamov Memorial 2019"]
[Site "Tashkent"]
[Date "2019.03.16"]
[Round "7.11"]
[White "Yakubbaeva, Nilufar"]
[Black "Mirzoev, Azer"]
[Result "1/2-1/2"]
[WhiteElo "2008"]
[BlackElo "2477"]
[Annotator "TA"]
[PlyCount "58"]
[EventDate "2019.03.12"]
[EventType "swiss"]
[EventCountry "UZB"]
[SourceTitle "playchess.com"]
[Source "ChessBase"]
[SourceQuality "1"]

{[%evp 11,58,50,62,55,45,46,108,106,117,89,151,157,161,147,159,156,147,146,164,152,154,145,147,135,135,136,141,139,148,145,152,152,149,158,145,0,164,156,181,196,195,145,190,166,172,0,183,0,155]} 1. d4 Nf6 2. Nf3 c5 3. d5 b5 4. Bg5 Qb6 5. e3 {[%cal Be2e3,Be3e4][%mdl 32]} (5. Bxf6 Qxf6 6. c3 g6 7. e3 b4 8. Nbd2 Bg7 9. Rc1 O-O 10. Be2 bxc3 11. bxc3 d6 12. O-O Nd7 13. Ne4 Qf5 14. Ng3 Qf6 15. Ne4 Qf5 16. Ng3 Qf6 17. Ne4 {½-½ (17) So,W (2815)-Carlsen,M (2832) chess.com INT 2017}) 5... Bb7 6. Nc3 {A43: Schmid Benoni} b4 {LiveBook: 3 Games} 7. Na4 Qa5 8. Bxf6 $1 {White is slightly better.} gxf6 (8... exf6 $14 9. c4 Be7) 9. c4 $16 e6 10. e4 Rg8 {[#]} (10... Bg7 $142) 11. g3 $1 Na6 12. Bg2 $146 ({Predecessor:} 12. b3 O-O-O 13. Bg2 f5 14. Nd2 fxe4 15. Nxe4 {0-1 (41) Stajcic,N (2310)-Lanka,Z (2505) Vienna 1991}) 12... O-O-O {[#]} 13. O-O $1 Qc7 14. a3 Kb8 15. axb4 Nxb4 16. Nc3 a6 17. Re1 h5 18. Qd2 Rh8 19. Na2 Bd6 20. Red1 Qb6 21. b3 Ka8 22. Nc3 Kb8 23. Na2 ({White should try} 23. Qb2 $16) 23... Nxa2 $2 (23... Ka8 $1 $11) 24. Rxa2 $18 ({Don't do} 24. Qxa2 $6 Rhg8 $16) 24... Ka7 25. Qe3 Rhe8 26. Qd3 Kb8 27. Ra4 Ka7 28. Ra2 Kb8 $1 29. Ra4 Ka7 $1 {Precision: White = 75%, Black = 60%.} 1/2-1/2

[Event "13th Agzamov Memorial 2019"]
[Site "Tashkent"]
[Date "2019.03.16"]
[Round "7.12"]
[White "Kurbonboeva, Sarvinoz"]
[Black "Urazayev, Arystanbek"]
[Result "1/2-1/2"]
[WhiteElo "2273"]
[BlackElo "2450"]
[Annotator "TA"]
[PlyCount "62"]
[EventDate "2019.03.12"]
[EventType "swiss"]
[EventCountry "UZB"]
[SourceTitle "playchess.com"]
[Source "ChessBase"]
[SourceQuality "1"]

{[%evp 16,62,20,16,25,16,36,31,38,26,34,25,54,51,61,57,83,72,88,91,101,79,65,69,67,72,68,71,97,46,94,8,8,0,0,0,0,0,0,0,3,3,4,4,4,8,16,4,4]} 1. d4 Nf6 2. c4 g6 3. g3 c6 4. Bg2 d5 5. Nf3 Bg7 6. O-O O-O 7. b3 a5 8. Nc3 Ne4 9. Bb2 Nxc3 {A11: English Opening: 1...c6} (9... Bf5 10. e3 Nxc3 11. Bxc3 Be4 12. Qe2 Nd7 13. Rfc1 e6 14. Bh3 Bxf3 15. Qxf3 Qe7 16. Rab1 Rfc8 17. cxd5 exd5 18. b4 axb4 19. Bxb4 {1-0 (51) Oparin,G (2613)-Dubov,D (2703) St Petersburg 2018}) 10. Bxc3 a4 11. cxd5 cxd5 {White is slightly better.} 12. Ne5 $146 ({Predecessor:} 12. bxa4 Bd7 13. Qb3 e6 14. Qxb7 Bc6 15. Qb2 Rxa4 16. Rfc1 Nd7 17. Bd2 {1-0 (37) Radovanovic,M (2427)-Ivanovic,D (2307) Kragujevac 2018}) 12... Nc6 13. bxa4 Qd6 14. Qb3 Rd8 {[%cal Rc6e5]} 15. Rfd1 e6 {[%cal Rc6e5]} 16. e4 Nxd4 {[%mdl 64] [#] Remove Defender} 17. Bxd4 Bxe5 18. Bxe5 Qxe5 19. exd5 Qf6 20. Rac1 exd5 21. Bxd5 Bg4 22. Rd3 (22. Rf1 $16) 22... Rac8 23. Re1 (23. Rxc8 $16 Rxc8 24. Kg2 (24. Qxb7 Rc2 $14)) 23... b6 $11 {The position is equal.} 24. Bb7 Rxd3 25. Qxd3 Rd8 26. Qe3 Bh3 27. Bg2 (27. Rc1 {is more complex.} Qb2 28. Re1 Qf6) 27... Bxg2 28. Kxg2 Qc6+ 29. Qe4 Qxe4+ 30. Rxe4 Rd2 31. a3 Rd3 $1 {Accuracy: White = 47%, Black = 63%.} 1/2-1/2

[Event "13th Agzamov Memorial 2019"]
[Site "Tashkent"]
[Date "2019.03.17"]
[Round "8.1"]
[White "Fedorov, Alexei"]
[Black "Danielyan, Vahe"]
[Result "1-0"]
[WhiteElo "2552"]
[BlackElo "2246"]
[Annotator "TA"]
[PlyCount "81"]
[EventDate "2019.03.12"]
[EventType "swiss"]
[EventCountry "UZB"]
[SourceTitle "playchess.com"]
[Source "ChessBase"]
[SourceQuality "1"]

{[%evp 9,81,38,50,58,41,43,77,74,93,96,87,93,97,111,122,83,89,92,87,86,88,94,73,83,85,55,46,52,68,75,82,78,98,39,82,13,13,14,25,30,30,10,110,85,110,108,108,110,118,122,126,106,445,470,452,464,338,325,322,332,717,697,4910,4814,3767,4786,1572,1036,1022,997,2427,889,29979,29977]} 1. e4 e5 2. Nf3 Nc6 3. Bb5 Bc5 4. c3 f5 5. d4 fxe4 6. Bxc6 {C64: Ruy Lopez: Classical Defence (3...Bc5) except 4 0-0 Nf6} dxc6 7. Bg5 (7. Nxe5 Bd6 8. Qh5+ g6 9. Qe2 Bf5 10. h3 Qe7 11. Bf4 Nf6 12. Nd2 O-O-O 13. O-O Rhg8 14. Bh2 h5 15. Ndc4 Nd5 16. f3 exf3 17. Qxf3 Bxe5 18. Nxe5 {1-0 (31) Anand,V (2776)-L'Ami,E (2605) Germany 2017}) 7... Nf6 $146 ({Predecessor:} 7... Be7 8. Bxe7 Nxe7 9. Nxe5 Ng6 10. Nxg6 hxg6 11. Qe2 Bf5 12. Nd2 Qe7 13. h3 O-O-O {1-0 (44) Nikitenko,M (2376)-Lazhevskaya,Z (2086) St Petersburg 2017}) 8. Nxe5 {White is better.} Bd6 {White should prevent ...Bxe5.} 9. Nd2 Be6 10. Qe2 O-O 11. Nxe4 Bd5 12. Ng3 Qe8 13. O-O c5 14. b3 cxd4 15. cxd4 a5 16. Rae1 a4 17. Bxf6 Rxf6 18. Ne4 Rf4 19. Qd3 Bxe5 20. dxe5 Rd8 21. Nd6 (21. bxa4 $16 Bc6 22. Qc4+ Bd5 23. Qc2) 21... Qe6 {[#]} 22. Nb5 ({White should play} 22. Nxb7 $1 $16 {[%mdl 512]} Rdf8 (22... Bxb7 23. Qxd8+) 23. Na5) 22... Rd7 $11 23. Qe3 Rb4 24. Nc3 axb3 25. Nxd5 Rxd5 (25... Qxd5 $11 26. e6 Re7) 26. axb3 $16 Rd8 27. Qc5 $36 {[%mdl 2048] White is really pushing.} Rxb3 28. Qxc7 Rc8 {[#]} 29. Qa5 $1 Rb2 30. Rd1 b5 $2 {[%mdl 8192]} (30... b6 $16 {is more resistant.} 31. Qe1 b5) 31. Rd8+ $18 Rxd8 32. Qxd8+ {[%mdl 4096] Endgame KQR-KQR} Kf7 33. Qc7+ Kg6 34. Qc3 Qb3 $2 (34... Ra2 35. f4 Qf5 36. Qc6+ Kh5) 35. Qc6+ Kf5 {and the idea ...Rb1 leaves Black hopeful.} 36. Qd7+ Kg6 37. Qg4+ Kf7 38. Qf5+ Ke7 39. Qxh7 Kf7 40. Qf5+ (40. Rc1 $142 Rc2 41. Qxc2 Qxc2 42. Rxc2) 40... Kg8 41. Rc1 {Accuracy: White = 74%, Black = 40%.} 1-0

[Event "13th Agzamov Memorial 2019"]
[Site "Tashkent"]
[Date "2019.03.17"]
[Round "8.2"]
[White "Saydaliev, Saidakbar"]
[Black "Fier, Alexandr"]
[Result "1-0"]
[WhiteElo "2390"]
[BlackElo "2551"]
[Annotator "TA"]
[PlyCount "52"]
[EventDate "2019.03.12"]
[EventType "swiss"]
[EventCountry "UZB"]
[SourceTitle "playchess.com"]
[Source "ChessBase"]
[SourceQuality "1"]

{[%evp 16,52,2,-8,0,2,-8,-5,4,8,22,-22,-22,-10,-17,-14,0,0,4,0,51,37,16,17,69,-35,47,45,41,47,45,43,109,31,1641,1636,1604,1572,1578]} 1. d4 Nf6 2. c4 e6 3. Nc3 Bb4 4. Qc2 O-O 5. a3 Bxc3+ 6. Qxc3 b6 7. Bg5 Ba6 8. Nf3 d6 9. e3 Nbd7 {E32: Nimzo-Indian: Classical (4 Qc2): 4...0-0} 10. Qc2 (10. Nd2 Rc8 11. b4 c5 12. dxc5 bxc5 13. b5 Bb7 14. f3 d5 15. Be2 Qb6 16. a4 d4 {1-0 (35) Dreev,A (2668)-Moiseenko,A (2711) Khanty-Mansiysk 2013}) 10... h6 11. Bh4 Rc8 {The position is equal.} 12. Rd1 $146 ({Predecessor:} 12. Bd3 c5 13. O-O cxd4 14. Nxd4 d5 15. Qa4 Nc5 16. Qc2 Nxd3 17. Qxd3 Bxc4 {0-1 (30) Jadhav,V (1589)-Mahalakshmi,M (2019) Bengaluru 2015}) 12... c5 13. Qa4 Bb7 $1 14. Be2 cxd4 15. Rxd4 Nc5 16. Qd1 d5 17. O-O Qe7 (17... g5 $11 18. Bg3 Nfe4) 18. Ne5 g5 19. Bg3 Nfe4 ({Black should play} 19... Nce4 $11) 20. Bf3 (20. f4 $14) 20... Rfd8 (20... Nxg3 $15 21. fxg3 Qc7) 21. Bxe4 $14 Nxe4 22. Qh5 $1 {Strongly threatening Ng4.} dxc4 23. Ng4 Rxd4 {[#]} (23... f6 $1 $14) 24. exd4 (24. Be5 $1 $16 f6 25. Bxd4) 24... Qf8 $2 {[%mdl 8192]} (24... f6 $14) 25. Be5 $18 ({Weaker is} 25. Nxh6+ Kg7 $16) 25... f6 26. f3 fxe5 {Accuracy: White = 74%, Black = 17%.} 1-0

[Event "13th Agzamov Memorial 2019"]
[Site "Tashkent"]
[Date "2019.03.17"]
[Round "8.3"]
[White "Vokhidov, Shamsiddin"]
[Black "Grigoryan, Karen H."]
[Result "1/2-1/2"]
[WhiteElo "2494"]
[BlackElo "2571"]
[Annotator "TA"]
[PlyCount "103"]
[EventDate "2019.03.12"]
[EventType "swiss"]
[EventCountry "UZB"]
[SourceTitle "playchess.com"]
[Source "ChessBase"]
[SourceQuality "1"]

{[%evp 10,103,33,32,32,30,27,17,13,8,31,29,33,34,72,72,68,61,75,83,151,151,174,141,143,148,225,149,147,148,164,155,166,162,153,145,174,156,165,159,134,0,0,0,28,0,0,0,28,13,0,0,0,-47,-47,-89,-84,-250,-225,-586,-208,-324,-295,-310,-302,-292,-120,-112,-66,-60,-8,-7,-11,-11,0,0,0,0,0,0,0,0,0,0,0,0,0,0,0,0,0,0,0,0,0,0]} 1. e4 e5 2. Nf3 Nc6 3. Bc4 Nf6 4. d3 h6 5. O-O d6 6. a4 g5 {C55: Two Knights: 4 d3, 4 d4 exd4 5 e5 and Max Lange Attack} 7. Re1 (7. Nc3 Bg7 8. a5 a6 9. Nd5 O-O 10. Ne3 Ne7 11. h4 g4 12. Nh2 h5 13. g3 c6 14. f3 {1-0 (33) Svidler,P (2737)-Matlakov,M (2700) St Petersburg 2018}) 7... g4 $146 ({Predecessor:} 7... Bg7 8. c3 O-O 9. Na3 Ne7 10. Bb3 Ng6 11. Nc4 c6 12. Ne3 Nf4 13. Bc2 Re8 14. g3 {½-½ (26) Felsberger,A (2326)-Wegerer,F (2081) Austria 2017}) 8. Nfd2 h5 9. Nf1 Be6 10. a5 a6 11. Nc3 Bh6 12. Bxh6 Rxh6 13. Nd5 Kd7 14. c3 Nh7 (14... Kc8 $142) 15. b4 $16 {[%cal Bb2b4,Bb4b5][%mdl 32]} Ne7 16. Qa4+ Kc8 17. b5 Nxd5 (17... Bd7 $16) 18. exd5 (18. Bxd5 $6 Nf6 $16) 18... Bd7 19. Qb4 {Hoping for bxa6.} axb5 20. Bxb5 Bxb5 21. Qxb5 Qd7 22. Qb3 h4 23. Reb1 Ra7 24. Ra4 $1 h3 25. Ne3 (25. Rb4 $1 $16 {[%cal Rb4b7]} Kd8 26. Rxb7 Rxa5 27. Ne3) 25... hxg2 $11 26. Rxg4 Rg6 (26... Nf6 $5 {[%cal Rf6g4]} 27. Rxg2 Kd8 $16) 27. Rxg6 fxg6 28. Qb5 ({But not} 28. Nxg2 Ng5 $17) 28... Qf7 29. h4 Nf6 30. c4 Nd7 31. Qb2 Qf3 32. Qc3 Nc5 33. Rd1 $2 (33. Nxg2 $17 Nxd3 34. Rf1) 33... Ra6 $19 34. d4 $2 (34. Rb1) 34... Ne4 $2 (34... Qh3 {[%csl Gg2][%cal Rh3h1]} 35. f3 Qh1+ 36. Kf2 g1=R 37. Rxg1 Qxh4+ {[%mdl 64] Double Attack} 38. Kf1 exd4) 35. Qc2 (35. Qb2 $142 Rxa5 36. dxe5) 35... exd4 36. Rxd4 Rxa5 {( -> ...Ra1+)} 37. Rd1 {[#]} Ra3 (37... b5 $1 $19 {and Black stays clearly on top. Threatens to win with ...b4.} 38. cxb5 {[#]} Nc3 $1 {[%mdl 576] Deflection} 39. Qxc3 Ra2) 38. Re1 $17 Nc3 ({Don't take} 38... Rc3 39. Qe2 $15) 39. Nxg2 Ra2 40. Qxg6 {[%cal Rg6e8] The position is equal.} Qxf2+ 41. Kh1 {[%cal Rg6e8]} Kb8 {aiming for ...Ka7.} 42. Qe8+ $1 Ka7 {[%csl Ga2][%cal Rf2g2]} 43. Qe3+ {[%mdl 64] Double Attack} Ka6 {[%csl Ga2][%cal Rf2g2]} 44. Qxf2 Rxf2 $11 {[%mdl 4096] Endgame KRN-KRN} 45. Re7 b5 46. cxb5+ Kb6 47. Ne3 Rf4 48. h5 Rh4+ {[%mdl 64] Double Attack} 49. Kg2 Rxh5 50. Nc4+ Kxb5 51. Rxc7 Rxd5 52. Nxd6+ {Accuracy: White = 63%, Black = 49%.} 1/2-1/2